000 00792nam a2200241Ia 4500
001 10294
003 GE_BSU
008 181216s||||||||xx |||||||||||||| ||und||
040 _cGE_BSU
080 _a821.353.1-11
100 _aტლაშაძე,იესე
245 _aბაქარიანი
245 _bპოემა
245 _cგამოსაც.მოამზადა ს.ყუბანეიშვილმა,რედ.ა.ბარამიძე
260 _aთბილისი
260 _bსაქ.სსრ.მეცნ.აკად.გამ.ბა
260 _c1962
300 _a75გვ.22სმ.
520 _aგარეკანზე 1963 წ.
653 _aბაქარიანი
653 _aპოემა
942 _cBK
999 _c43562
_d43562